Možnosti využitia osobitnej formy financovania a realizácie investičných aktivít verejnej správy, sociálnych služieb a aktivít pri vytváraní pracovných miest
Možnosti využitia partnerstva verejného a súkromného sektora. PPP projekty ako osobitná forma financovania a realizácia investičných aktivít, verejnej správy, sociálnych služieb a aktivít pri vytváraní pracovných miest. Realizácia projektov v podmienkach ekonomiky Slovenskej republiky.
Enregistré dans:
| Auteur principal: | |
|---|---|
| Autres auteurs: | |
| Format: | Chapitre de livre |
| Langue: | slovaque |
| Sujets: | |
| Tags: |
Pas de tags, Soyez le premier à ajouter un tag!
|
MARC
| LEADER | 00000nla$a2200000$$$4500 | ||
|---|---|---|---|
| 001 | 0114734 | ||
| 005 | 20240502072300.3 | ||
| 041 | 0 | |a slo | |
| 044 | |a SK | ||
| 245 | 1 | 0 | |a Možnosti využitia osobitnej formy financovania a realizácie investičných aktivít verejnej správy, sociálnych služieb a aktivít pri vytváraní pracovných miest |c Vladimír Mikulec, Miroslav Bartovič |
| 520 | |a Možnosti využitia partnerstva verejného a súkromného sektora. PPP projekty ako osobitná forma financovania a realizácia investičných aktivít, verejnej správy, sociálnych služieb a aktivít pri vytváraní pracovných miest. Realizácia projektov v podmienkach ekonomiky Slovenskej republiky. | ||
| 610 | 2 | 0 | |a partnerstvo verejno-súkromné |
| 610 | 2 | 0 | |a samospráva regionálna |
| 610 | 2 | 0 | |a stratégia investičná |
| 610 | 2 | 0 | |a financie |
| 610 | 2 | 0 | |a investori |
| 610 | 2 | 0 | |a projekty vykonávacie |
| 100 | 1 | |a Mikulec, Vladimír | |
| 700 | 1 | |a Bartovič, Miroslav | |